Normal view
MARC view
Entry Personal Name
001 - CONTROL NUMBER
- control field: 26294
003 - CONTROL NUMBER IDENTIFIER
- control field: dpl
005 - DATE AND TIME OF LATEST TRANSACTION
- control field: 20110228153339.0
008 - FIXED-LENGTH DATA ELEMENTS
- fixed length control field: 110228|||a|||||| | ||| d
040 ## - CATALOGING SOURCE
- Original cataloging agency: dpl
- Transcribing agency: dpl
100 ## - HEADING--PERSONAL NAME
- Personal name: उम्मन, टी.के.
670 ## - SOURCE DATA FOUND
- Source citation: Work cat.: (dpl)36913: उम्मन, टी.के., सुरक्षाः एक नया दृष्टिकोण /, 2010
670 ## - SOURCE DATA FOUND
- Source citation: Work cat.: (dpl)36913: उम्मन, टी.के., सुरक्षाः एक नया दृष्टिकोण /, 2010
